| 000 | 00626nam a2200193 i 4500 | ||
|---|---|---|---|
| 001 | 62231 | ||
| 003 | ES-MaACL | ||
| 007 | t| | ||
| 008 | 031119s1924 fr ||||1| fre d | ||
| 100 | 1 |
_aFedro. _949082 |
|
| 245 | 1 | 0 |
_aFables / _cPhédre ; texte etabli et traduit par Alice Brenot. |
| 260 |
_aParis : _bSocieté d'Edition "Les Belles Lettres", _c1924 ( _ePoitiers : _fMarc Texier) |
||
| 300 |
_aXVI, 113 p. ; _c30 cm. |
||
| 490 | 1 | _aCollection des Universités de France | |
| 700 | 1 |
_aBrenot, Alice. _931594 |
|
| 830 | 0 |
_aCollection des Universités de France _9180876 |
|
| 852 |
_aES-MaACL _jC-8192 |
||
| 999 |
_c62231 _d62231 |
||